Kỹ thuật đột dập.Quy tắc chính-phép tính-thí dụ /

Gespeichert in:
Bibliographische Detailangaben
1. Verfasser: Tài liệu Dịch
Format: Buch
Sprache:Vietnamese
Veröffentlicht: H. : Công nhân kỹ thuật , 1981
Ausgabe:In lần thứ 1
Schlagworte:
Tags: Tag hinzufügen
Keine Tags, Fügen Sie den ersten Tag hinzu!
Thư viện lưu trữ: Thư viện Trường CĐ Kỹ Thuật Cao Thắng
LEADER 00742nam a2200217 a 4500
001 TVCDKTCT842
003 Thư viện trường Cao đẳng Kỹ thuật Cao Thắng
005 20050804000000
008 050804
980 \ \ |a Thư viện Trường CĐ Kỹ Thuật Cao Thắng 
024 |a RG_1 #1 eb0 i1 
041 0 # |a vie 
082 # # |a 621.8 /   |b NG527NH-k 
100 1 # |a Tài liệu Dịch 
245 0 0 |a Kỹ thuật đột dập.Quy tắc chính-phép tính-thí dụ /  |c Tài liệu Dịch 
250 # # |a In lần thứ 1 
260 # # |a H. :  |b Công nhân kỹ thuật ,  |c 1981 
300 # # |a 80tr. ;  |c 19cm 
650 # 4 |a Cơ khí 
650 # 4 |a Kỹ thuật đột dập 
650 # 4 |a Phép tính-Thí dụ